Sobre el oficio de escritor /

Detalles Bibliográficos
Autor principal: Dorra, Raúl, 1937- (Autor)
Formato: Electrónico eBook
Lenguaje:español
Publicado: Villa María, Córdoba, Argentina : Eduvim, [2023]
Colección:Obra reunida (Eduvim)
Materias:
Acceso en línea:Digitalia Hispánica

MARC

LEADER 00000nam a2200000Ii 4500
001 DIGEDUV0282
003 NyNyDIG
006 m o d
007 cr |||||||||||
008 240902s2023 ag h o 000 0 spa d
035 |a (OCoLC)1454785970 
040 |a DGITA  |b eng  |e rda  |e pn  |c DGITA 
020 |a 9789876998338  |q eBook 
020 |z 9789876997928 
050 1 4 |a PC4071 ebook 
100 1 |a Dorra, Raúl,  |d 1937-  |e author. 
245 1 0 |a Sobre el oficio de escritor /  |c Raúl Dorra. 
264 1 |a Villa María, Córdoba, Argentina :  |b Eduvim,  |c [2023] 
300 |a 1 online resource :  |b facsimile. 
336 |a text  |b txt  |2 rdacontent 
337 |a computer  |b c  |2 rdamedia 
338 |a online resource  |b cr  |2 rdacarrier 
347 |a text file  |2 rdaft 
347 |b EPUB 
490 1 |a Obra reunida 
588 0 |a Online resource; title from ePub title page (Digitalia, viewed September 2, 2024) 
650 0 |a Spanish philology. 
791 2 |a Digitalia (Firm),  |e distributor. 
793 0 |g Digitalia eBook Collection:  |a Ediciones Eduvim 
776 0 8 |i Print version:  |a Dorra, Raúl, 1937-  |t Sobre el oficio de escritor.  |d Villa María, Córdoba, Argentina : Eduvim, [2023]  |z 9789876997928 
830 0 |a Obra reunida (Eduvim) 
856 4 0 |3 Digitalia Hispánica  |u https://www.digitaliapublishing.com/a/158295/ 
910 |a Premium collection: 2024